000 00430pab a2200169 454500
008 180718b2005 xxu||||| |||| 00| 0 eng d
100 _aSharma, Renu
245 _aA study of personality variables related to internet users
260 _c2005
300 _ap.47-54.
362 _aMar
650 _aInternet
700 _aDesai, Vimal
773 _aJournal of Community Guidance and Research
908 _aN
909 _a74104
999 _c74104
_d74104